LEADER 01490nas a2200289 i 4500 001 000000171254 003 CaOOAMICUS 005 20090611000000.0 008 080212b2008 it uu u0 0ita r 013 $a148685 040 $aSeMil$bita 245 10$a[2008]. 260 $a[Roma] :$bSIAE, Espressione Edizioni Musicali,$ccopyr. 2008. 260 $aLeumann (Torino) :$bElledici,$ccopyr. 2008. 300 $a132 p. :$bnotazione musicale ;$c31 cm + 4 CD allegati [uno per ogni fascicolo]. 500 $aNumerazione errata in copertina dei singoli fascicoli : Anno 62 [i.e. 63]. 773 0 $tArmonia di Voci.$dLeumann : Elle Di Ci, 1946-2013.$x0391-5425$w()1921 774 0 $tTempo pasquale. - Titolo dalla copertina. - In Allegato.$z978-88-01-04018-0$w()268608 774 0 $tFeste del Signore. - Titolo dalla copertina. - In Allegato.$z978-88-01-04074-6$w()268914 774 0 $tCulto Eucaristico. - Titolo dalla copertina. - In Allegato.$z978-88-01-04131-6$w()269556 774 0 $tCelebrazione Eucaristica. - Titolo dalla copertina. - In Allegato.$z978-88-01-04170-5$w()269920 850 $aSeMil 852 $aSeMil$W1$xVenegono$y1$m100 6 44$j122126$B122126$CSeMilBibl$Z2$F142219 $85 961 $aAbbonamento: Centro Editoriale Dehoniano 996 $6245$a[2008]$9(OLS)http://semarc/title/235575 996 $6260$aLeumann (Torino) :$bElledici$9(OLS)http://semarc/publisher/31236 996 $6260$a[Roma] :$bSIAE, Espressione Edizioni Musicali$9(OLS)http://semarc/publisher/44376 LEADER 01130nam a2200241 i 4500 001 000000238271 003 CaOOAMICUS 005 20150127000000.0 008 150127n it u000 u ita u 013 $a217176 040 $aSeMil$bita 100 1 $aColombo, Carlo .$0(OLS)http://semarc/name/3095 245 10$aIntroduzione alla teologia :$bparte prima, sezione seconda ; Il mistero di Cristo, il fatto cristiano /$cnote scolastiche a cura di mons. Carlo Colombo. 260 $a[S.l. :$bs.n.] 300 $a22, 53 c. ;$c30 cm. 650 4$aDispense scolastiche.$0(OLS)http://semarc/subject/526 650 4$aTeologia - Mistero di Cristo.$0(OLS)http://semarc/subject/1731 650 4$aTeologia - Introduzioni.$0(OLS)http://semarc/subject/3522 850 $aSeMil 852 $aSeMil$W1$xVenegono$y1$m6X VI 4$j188617$B188617$CSeMilBibl$Z2$F199377 $8B 961 $aOmaggio: Deposito 996 $6245$aIntroduzione alla teologia :$bparte prima, sezione seconda ; Il mistero di Cristo, il fatto cristiano$9(OLS)http://semarc/title/339527 996 $6260$a[S.l. :$bs.n.]$9(OLS)http://semarc/publisher/29751